Statistics for Points needed to reach JetPunk Levels

Click here to take the quiz!

General Stats

  • This quiz has been taken 71 times
  • The average score is 39 of 99

Answer Stats

Level Points % Correct
10
96%
25
96%
310
94%
625
92%
520
92%
415
92%
730
90%
1390
88%
1280
88%
14100
88%
1170
88%
840
88%
950
88%
1060
88%
16150
79%
15125
79%
20250
77%
19225
77%
17175
77%
18200
77%
24450
75%
23400
75%
25500
75%
21300
75%
22350
75%
27600
73%
26550
73%
28650
71%
29750
69%
32900
54%
30800
54%
31850
54%
331,000
52%
341,100
48%
381,500
46%
391,600
46%
371,400
46%
361,300
46%
351,200
46%
432,000
44%
401,700
44%
411,800
42%
421,900
42%
452,500
37%
442,250
37%
462,750
35%
473,000
33%
493,500
31%
483,250
31%
514,000
29%
503,750
29%
555,000
25%
544,750
25%
534,500
25%
524,250
25%
565,500
23%
607,500
21%
597,000
21%
586,500
21%
576,000
21%
628,500
19%
618,000
19%
649,500
17%
639,000
17%
6813,000
15%
6914,000
15%
6712,000
15%
6611,000
15%
6510,000
15%
7318,000
13%
7217,000
13%
7015,000
13%
7116,000
13%
7520,000
10%
7419,000
10%
8025,000
8%
8126,000
8%
7924,000
8%
8227,000
8%
7823,000
8%
7621,000
8%
7722,000
8%
9540,000
6%
9338,000
6%
9439,000
6%
9742,000
6%
9237,000
6%
9944,000
6%
9843,000
6%
9641,000
6%
8732,000
6%
8530,000
6%
8429,000
6%
8328,000
6%
8631,000
6%
8833,000
6%
9035,000
6%
8934,000
6%
9136,000
6%

Score Distribution

Percentile by Number Answered

Percent of People with Each Score

Your Score History

You have not taken this quiz